000 00474nam a2200169 i 4500
001 41011
003 ES-MaACL
005 20230906160346.0
007 t|
008 030307s1979 sp ||||1| spa d
100 1 _aCarpentier, Alejo.
_935442
245 1 3 _aLa consagración de la primavera
_b: novela /
_cAlejo Carpentier.
250 _a[7ª ed.].
260 _a[Madrid] :
_bSiglo Veintiuno,
_c[1979]
300 _a576 p. ;
_c21 cm.
852 _aES-MaACL
_jL-188
_bR.100844
999 _c41011
_d41011